| 000 | 02629cam a22005054i 4500 | ||
|---|---|---|---|
| 003 | PE-LiUPU | ||
| 005 | 20250731173422.0 | ||
| 008 | 150706s2010 txu r 000 0 spa d | ||
| 020 | _a9780311421022 | ||
| 035 | _a(Sirsi) i9780311421022 | ||
| 040 |
_aPE-LiUPU _bspa _cPE-LiUPU _erda |
||
| 049 | _aPRUA | ||
| 082 | 0 | 4 |
_a253 _bC86 _221 |
| 100 | 1 |
_aCriswell, W. A., _d1909-2002, _eautor. |
|
| 245 | 1 | 3 |
_aEl pastor y su ministerio : _buna guía práctica / _cW. A. Criswell. |
| 250 | _a6a ed. | ||
| 264 | 1 |
_a7000 Alabama Street, El Paso, Texas : _bMundo Hispano, _c2010. |
|
| 300 |
_a365 páginas ; _c21 centímetros |
||
| 336 |
_atext _2rdacontent |
||
| 337 |
_aunmediated _2rdamedia |
||
| 338 |
_avolume _2rdacarrier |
||
| 500 | _aPrólogo a la edición castellana de Daniel R. Sánchez, profesor de Misiones en el Seminario Teológico Bautista de Fort Worth, Texas. | ||
| 505 | 0 | _aEl lugar del Pastor-predicador en el plan de Cristo -- El Pastor en el púlpito -- El pastor en su estudio -- El pastor en la preparación de su sermón -- El pastor y sus colaboradores -- La organización de la iglesia -- El pastor estructura la iglesia -- La provisión de fondos para la iglesia -- El pastor y la construcción de edificios nuevos -- Los muchos ministerios de la iglesia -- La administración de las ordenanzas -- La ordenación de pastores y diáconos -- El pastor haciendo la obra de un evangelista -- El interés del pastor por los niños -- El Pastor como consejero y apacentador de la grey -- La ceremonia nupcial -- El servicio fúnebre -- El pastor enfrentando el desánimo y el fracaso -- El pastor en su vida personal -- Los "síes" y los "no es "para el pastor -- La recompensa de una labor bien hecha. | |
| 526 | _aSEG42 | ||
| 526 | _aSEG41 | ||
| 526 | _aSEG40 | ||
| 526 | _aSEG39 | ||
| 526 | _aP94 | ||
| 526 | _aP87 | ||
| 526 | _aP86 | ||
| 526 | _aP85 | ||
| 526 | _aP77 | ||
| 526 | _aP76 | ||
| 526 | _aP35 | ||
| 541 | _g001-0000594; | ||
| 650 | 0 | 4 |
_aPastoral Teología _xBautistas. |
| 650 | 0 | 4 | _aDoctrinas Bautistas. |
| 700 | 1 |
_aEustache, Alirio, _etr. |
|
| 910 |
_agl _bjv _clch _d20120925 |
||
| 942 |
_2ddc _cBOOK |
||
| 949 |
_a253 C86 _wDEWEY _c1 _i65441 _lCCODEBUL1 _mBUL _p46.00 _r0 _sY _tBOOK _u2015-7-6 _xTEOLOGIA _PP35 _o.STAFF. Colección General |
||
| 994 |
_aC0 _bPEPRU |
||
| 596 | _a1 | ||
| 999 |
_a253 C86 _wDEWEY _c53946 _i65441 _d53946 _e2016-4-6 _f2021-11-10 _g5 _lCCODEBUL1 _mBUL _n2 _p46.00 _r0 _sY _tBOOK _u2015-7-6 _xTEOLOGIA _PP35 _0COMPRA _o.STAFF. Colección Teología |
||
| 980 |
_81 _gALBERTO SANCHEZ Responsable de Automatización |
||